| 000 | 00516nam a22001697a 4500 | ||
|---|---|---|---|
| 005 | 20260618094145.0 | ||
| 020 | _a9788197749698 | ||
| 041 | _aEnglish | ||
| 082 | _aT16 R24 STE | ||
| 100 | _aStephen Jeyaseela | ||
| 245 | _aThandanaiyadaintha Thamizh Kuttrfavaaligal Malaya, Burma, Sumatra, Singapore, Australia Mattrum Tasmaniyavirku Aangileyaraal Naadukadaththappattathum, Vaazhkkai Nilaiyum, 1787-1896 | ||
| 250 | _a01 | ||
| 260 |
_aChennai _bNCBH _c2024 |
||
| 300 | _a107 | ||
| 365 | _b125.00 | ||
| 942 | _cBK | ||
| 999 |
_c177925 _d177925 |
||